01347nab a22002537a 4500999001500000003000400015005001700019008004100036040000700077100003600084245013600120260007300256300001300329500007500342505029000417505008900707650003500796650003200831650001700863650002700880650003100907773014200938942001301080 c6353d6353OSt20260131193453.0190603e xxum|||| |||| 00| 0 spa d cPJ 97009aColombo, María Celeste 10aSeguro y función social :buna mirada desde la responsabilidad civil y la argumentación jurídica /cMaría Celeste Colombo.  cCiudad Autónoma de Buenos Aires :aThomson Reuters La Ley, b2025. ap. 66-75 aCita: TR LALEY AR/DOC/2804/2025 Publicado en: RCCyC 2025 (Diciembre). aSumario: I. Introducción.— II. Responsabilidad civil y sus funciones tradicionales.— III. La función social del seguro.— IV. El seguro obligatorio automotor y su función social.— V. El seguro y la argumentación jurídica en responsabilidad civil.— VI. Conclusiones.  t¿Te interesa el texto completo? Solicitalo al correo: koha@justierradelfuego.gov.ar 091497aCODIGO CIVIL Y COMERCIAL 091467aRESPONSABILIDAD CIVIL 093331aDAÑO 092600aPOLIZA DE SEGURO 0aOBLIGACIONES DEL ASEGURADO0 0271393170dCiudad Autónoma de Buenos Aires : Thomson Reuters La Ley, 2015-tRevista Código Civil y Comercial. Nº 6 - Diciembre 2025 2udccANA